Top 50 biggest cities in Spain - Statistics

General Stats
  • This quiz has been taken 251 times
  • The average score is 28 of 50
Answer Stats
City Population % Correct
Madrid 2,824,000
100%
Barcelona 1,454,000
99%
Sevilla 695,000
97%
Valencia 736,000
97%
Bilbao 351,000
95%
Málaga 542,000
94%
Zaragoza 601,000
91%
Granada 242,000
86%
Murcia 350,000
82%
Alicante 272,000
81%
Córdoba 307,000
79%
Vigo 287,000
79%
Valladolid 317,000
77%
San Sebastián 177,000
76%
Cádiz 141,000
74%
Palma de Mallorca 302,000
74%
Pamplona 163,000
68%
Santander 183,000
68%
Gijón 264,000
67%
La Coruña 241,000
66%
Oviedo 199,000
65%
Salamanca 158,000
62%
Almeria 170,000
61%
Getafe 143,000
60%
Elche 191,000
58%
León 144,000
57%
Santa Cruz de Tenerife 203,000
57%
Huelva 140,000
54%
Tarragona 111,000
54%
Burgos 162,000
53%
Albacete 146,000
52%
Badajoz 124,000
51%
Jérez de la Frontera 182,000
47%
Las Palmas de Gran Canaria 354,000
47%
Cartagena 170,000
46%
Badalona 210,000
41%
Lleida 111,000
41%
Leganés 175,000
37%
Logroño 124,000
34%
Vitoria-Gasteiz 215,000
32%
Sabadell 186,000
30%
Móstoles 196,000
22%
Castellón de la Plana 136,000
21%
Hospitalet de Llobregat 255,000
21%
Alcaláde Henares 163,000
20%
Fuenlabrada 163,000
18%
Tarrasa 164,000
8%
La Laguna 122,000
6%
Santa Coloma de Gramanet 123,000
5%
Alcorón 141,000
4%
No matching quizzes found
Score Distribution
Percent of People with Each Score
Percentile by Number Answered
Your Score History
You have not taken this quiz